Byty a právo

Uložené v:
Podrobná bibliografia
Hlavný autor: Holub, Milan
Médium: Kniha
Jazyk:Czech
Vydavateľské údaje: Praha Panorama 1989
Vydanie:2. podstatně přeprac. a dopln. vyd.
Tagy: Pridať tag
Žiadne tagy, Buďte prvý, kto otaguje tento záznam!

MARC

LEADER 00000nam a2200000 4500
001 c034605
005 20221215115803.6
041 0 |a cze 
044 |a CZ 
245 1 0 |a Byty a právo  |c Milan Holub 
250 |a 2. podstatně přeprac. a dopln. vyd. 
264 1 |a Praha  |b Panorama  |c 1989 
300 |a 306 s. 
100 1 |a Holub, Milan